Balance y perspectiva de la formación docente en América Latina /

Gespeichert in:
Bibliographische Detailangaben
1. Verfasser: Torres, María Rosa
Format: Text
Schlagworte:
Tags: Tag hinzufügen
Keine Tags, Fügen Sie den ersten Tag hinzu!

MARC

LEADER 00000 a a2200000 04500
001 2895
003
040
100 |a Torres, María Rosa  
245 |a Balance y perspectiva de la formación docente en América Latina /  |c María Rosa Torres 
650 |a FORMACION DOCENTE  
650 |a REFORMA DE LA EDUCACION  
773 |g volumen 25, número 3; páginas 368-394  
999 |c 24141  |d 24141